Trois régimes d’oppression (notice n° 2074076)
[ vue normale ]
| 000 -LEADER | |
|---|---|
| fixed length control field | 00504cam a2200145 4500500 |
| 005 - DATE AND TIME OF LATEST TRANSACTION | |
| control field | 20260405004132.0 |
| 041 ## - LANGUAGE CODE | |
| Language code of text/sound track or separate title | fre |
| 042 ## - AUTHENTICATION CODE | |
| Authentication code | dc |
| 100 10 - MAIN ENTRY--PERSONAL NAME | |
| Personal name | Brenders, Pauline |
| Relator term | author |
| 245 00 - TITLE STATEMENT | |
| Title | Trois régimes d’oppression |
| 260 ## - PUBLICATION, DISTRIBUTION, ETC. | |
| Date of publication, distribution, etc. | 2025.<br/> |
| 500 ## - GENERAL NOTE | |
| General note | 58 |
| 786 0# - DATA SOURCE ENTRY | |
| Note | Philosophie magazine - Hors séries | Hors-série 66 | HS66 | 2025-08-01 | p. 96-97 | 2104-9246 |
| 856 41 - ELECTRONIC LOCATION AND ACCESS | |
| Uniform Resource Identifier | <a href="https://shs.cairn.info/magazine-philosophie-magazine-hors-series-2025-hs66-page-96?lang=fr&redirect-ssocas=7080">https://shs.cairn.info/magazine-philosophie-magazine-hors-series-2025-hs66-page-96?lang=fr&redirect-ssocas=7080</a> |
Pas d'exemplaire disponible.




Réseaux sociaux